000
00182 a2200097 4500
020
_a
9780590462259
041
_a
eng
100
_a
peterson,John
245
_a
the Littles
942
_c
BK
999
_c
31886
_d
31884